01628cam a2200301 a 450000100100000000500170001000800410002701000150006802000220008303500230010504000230012804200080015105000310015924501790019026000650036930000410043450001070047550002190058250400410080160000850084270000370092771000830096471000510104771000730109891000330117195201050120499900170130900001926420200929165952.0030526s2001 it a bc 000 0 ita c a2003487829 a8873200478 (pbk.) a(OCoLC)ocm52880624 aDO-SdBNPcGZMdDLC apcc00aZ8026.6b.P47 2001aPQ468100a"Per far di bianca carta carta nera" :bprime edizioni e cimeli alfieriani : Torino Biblioteca reale, 29 novembre-29 dicembre 2001 /ca cura di Vittorio Colombo ... [et al.]. aSavigliano (Cuneo) :bEditrice artistica piemontese,cc2001. a149 p. :bill. (some col.) ;c23 cm. aExhibition catalogue, on the occasion of the 250th anniversary of the birth of V. Alfieri (1749-1803). aAt head of title: Ministero per i beni e le attivita culturali, Direzione generale per i beni librari e gli istituti culturali. Biblioteca reale Torino. Comitato nazionale per le celebrazioni Alfieriane, 1999-2003. aIncludes bibliographical references.10aAlfieri, Vittorio,d1749-1803xFirst editionsvBibliographyvExhibitions.9414411 aColombo, Vittorio,d1961-9414421 aItaly.bDirezione generale per i beni librari e gli istituti culturali.9414432 aBiblioteca di S.M. il re (Turin, Italy)9414442 aComitato nazionale per le celebrazioni Alfieriane, 1999-2003.941445 aCatalogación derivada / LC 001050718MOaGRbGRcHDd2010-05-31iLF1l0o p19264-10r2020-06-25w2020-06-25y1ZNo se presta c18782d18782